2nd Largest City Country Loop (Delhi, India) - Statistics

General Stats
  • This quiz has been taken 41 times
  • The average score is 21 of 23
Answer Stats
2nd Largest City Country % Correct
Beijing, China
100%
Tel Aviv, Israel
100%
Lahore, Pakistan
100%
Alexandria, Egypt
97%
Benghazi, Libya
97%
Saint Petersburg, Russia
97%
Aleppo, Syria
97%
Ankara, Turkey
97%
Kandahar, Afghanistan
94%
Oran, Algeria
94%
Graz, Austria
94%
Lyon, France
94%
Hamburg, Germany
94%
Mashhad, Iran
94%
Barcelona, Spain
94%
Antwerp, Belgium
91%
Kharkiv, Ukraine
91%
Esch-sur-Alzette, Luxembourg
88%
Fez, Morocco
88%
Split, Croatia
84%
Debrecen, Hungary
81%
Maribor, Slovenia
81%
Novi Sad, Serbia
78%
No matching quizzes found
Score Distribution
Percent of People with Each Score
Percentile by Number Answered
Your Score History
You have not taken this quiz